00357 a2200109 4500001001000000005001700010008004100027245009600068100001900164773004700183999001700230ART_5703820260410162049.0260409a 10aAdministración Federal de Ingresos Públicos. Autoridades. Facultades para dictar normas1 aBaldo, Alberto0 tImpuestosg- N° 132 (sep. 2022)wREV45175 c35647d35647